Is It Over Now? (TV) - Taylor Swift (All Lyrics) - Statistics

General Stats
  • This quiz has been taken 391 times
    372 since last reset
  • The average score is 357 of 425
Answer Stats
Lyrics % Correct
a
98%
on
98%
the
97%
I
95%
Oh,
94%
(Oh)
94%
(Oh,
94%
Oh)
94%
no
93%
no)
93%
You
93%
you
93%
you?
93%
and
92%
And
92%
(Is
92%
Is
92%
is
92%
it?
92%
it?)
92%
it
92%
over
92%
had
91%
now?
91%
of
91%
when
91%
When
91%
he
90%
my
90%
to
90%
To
90%
your
90%
Your
90%
in
89%
In
89%
then?
89%
Was
89%
was
89%
(Was
89%
for
88%
"Come
87%
come
87%
couch?
87%
out,
87%
out
87%
see
87%
she
87%
her
86%
baby
85%
be
85%
blouse?
85%
but
85%
But
85%
somethin'
85%
think
85%
Think
85%
dream
84%
about
83%
did
83%
greater,
83%
Just
83%
later
83%
one
83%
There
83%
there
83%
think
83%
whispered
83%
as
82%
At
82%
Blue
82%
blue
82%
every
82%
go
82%
jumpin'
82%
Off
82%
runnin'
82%
(Runnin')
82%
unbuttoned
82%
very
82%
were
82%
called
81%
date
81%
didn't
81%
down
81%
ear
81%
flashin'
81%
(Flashin'
81%
here,"
81%
least
81%
lights
81%
lights;
81%
lights)
81%
mouth
81%
nights
81%
tall
81%
bed
80%
before
80%
decency
80%
girl
80%
hips
80%
hundred
80%
I've
80%
keep
80%
laid
80%
Let's
80%
lying
80%
passed
80%
thing
80%
three
80%
traitor
80%
coffees
79%
new
79%
rumors
79%
search
79%
sight
79%
that
79%
wanting,
79%
wanting
79%
been
78%
'bout
78%
clone
78%
If
78%
say
78%
somethings
78%
thighs
78%
eyes,
77%
forward
77%
Lord,
77%
Lord)
77%
takeout
77%
boat
76%
dress
76%
probably
75%
you'll
75%
dates
74%
model's
74%
Once
74%
waiters
74%
blind
73%
fast
73%
flight
73%
got
73%
maiden's
73%
Only
73%
she's
73%
will
73%
all
72%
flown
72%
smile
72%
Red
70%
white
70%
alone
68%
awkward
68%
snow
68%
unsuspecting
68%
With
68%
blood,
67%
sighs
66%
slept
66%
wouldn't
66%
surmise
64%
still
63%
(Uh
62%
Uh
62%
rose
61%
control
60%
lost
60%
you'd
60%
wilt
58%
profile
56%
huh)
51%
huh
51%
hoping
49%
No matching quizzes found
Score Distribution
Percent of People with Each Score
Percentile by Number Answered
Your Score History
You have not taken this quiz since the last reset